Не будьмо тінями зникомими (Запис № 414257)
[ простий вигляд ]
| 000 -Лідер | |
|---|---|
| fixed length control field | 02329nam a22002777a 4500 |
| 001 - Контрольний номер | |
| control field | 127157 |
| 003 - Ідентифікатор контрольного номера | |
| control field | UA-OsUOA |
| 005 - Дата та час останнього входження (трансакції) | |
| control field | 20260616103811.0 |
| 007 - Фіксоване поле фізичного опису | |
| fixed length control field | ta |
| 008 - Елементи даних фіксованої довжини – загальна інформація | |
| fixed length control field | 20171121b un ||un |||| 00| 0 ukr dukr d |
| 020 ## - Міжнародний стандартний книжковий номер (ISBN) | |
| Міжнародний стандартний книжковий номер (ISBN) (НП) | 966317000X |
| 040 ## - Джерело каталогізації | |
| Агенція оригінальної каталогізації | UA-OsUOA |
| Мова каталогізації | ukr |
| Агенція, яка здійснювала перезапис | UA-OsUOA |
| Агенція, яка здійснювала модифікацію | UA-OsUOA |
| 041 ## - Код мови | |
| Код мови тексту/ звукової доріжки чи окремого заголовка (П) | ukr |
| 080 ## - Індекс Універсальної десяткової класифікації | |
| Індекс Універсальної десяткової класифікації (УДК) (НП) | 82.09(477) |
| 090 ## - Локальний шифр розміщення | |
| Класифікаційний індекс УДК | 82.09(477) |
| Авторський знак (НП) | С54 |
| 100 ## - Основне введення – ім’я особи | |
| Ім’я особи (НП) | Соболь В. |
| 9 (RLIN) | 25528 |
| 110 ## - Наймення організації – загальна інформація | |
| Найменування колективу або юрисдикції як початковий елемент введення | Донецьке відділення наукового товариства ім Шевченка ; Бердянський державний університет ім П. Осипенко |
| 9 (RLIN) | 25529 |
| 245 ## - Відомості про назву | |
| Назва (НП) | Не будьмо тінями зникомими |
| Решта назви (НП) | навчально-методичний посібник |
| 260 ## - Публікація, розповсюдження і т.п. (Вихідні дані) | |
| Місце публікації, розповсюдження і т.п. (П) | Донецьк |
| Ім’я/ наймення видавництва, розповсюджувача і т.п. (П) | Східний видавничий дім |
| Дата публікації, розповсюдження і т.п. (П) | 2006 |
| 300 ## - Фізичний опис | |
| Обсяг | 256 с. |
| 520 ## - Резюме і т.п. | |
| Резюме, реферат, анотація, тощо (НП) | У книзі подано аналіз творчості митців українського модерного слова Великої України і письменнків діаспори. Літературознавчі матеріали доповнено уривками з творів Юрія Липи, Василя Пачовського, Володимира Сосюри, Марії Матіос, Остапа Лапського, Володимира Яворівського, Володимира Дрозда, Михайла Стрельбицького, Віктора Савченка та ін. Окремий розділ становить переклади уривківіз праць Еви М. Томпсон (Трубадури імперіх. Література російська і колоніалізм) та Джонатана Куллера (Теорія літератури. Самототожність, ідентифікація, суб'єкт).<br/>Книга призначена для студентів філологічних факультетів вищих навчальних закладівУкраїни та всіх, хто цікавиться історією української літератури ХХ-ХХІ ст. |
| 650 #7 - Додаткове предметне введення – тематичний термін | |
| Тематичний термін чи географічна назва, як елемент введення (НП) | 82 Література. Літературознавство |
| Джерело заголовка чи терміна | UDC |
| 9 (RLIN) | 15 |
| 942 ## - Додаткові елементи входу (Коха) | |
| Тип елемента Koha | Книги |
| Source of classification or shelving scheme | Universal Decimal Classification |
| 955 ## - Код типу видання за змістом | |
| Код типу видання за змістом (НП) | Навчальні видання |
| Стан вилучень | Стан втрат | Джерело класифікації або схеми стелажів | Стан уражень | Не для кредиту | Код колекції | Постійне місце розташування | Поточне розміщення | Дата придбання | Джерело придбання | Вартість, звичайна ціна покупки | Інвентарний номер | Усього замовленно | Повний номер виклику | Штрих-код | Дата останнього перегляду | Ціна ефективна від | Тип елемента Koha | Вартість, ціна заміни |
|---|---|---|---|---|---|---|---|---|---|---|---|---|---|---|---|---|---|---|
| Universal Decimal Classification | Колекція Жулинського М.Г. | АБ - Абонемент НБ | АБ - Абонемент НБ | 21/11/2017 | 54/2017 | 20.00 | 157004 | 82.09(477) С54 | 157004 | 06/02/2022 | 21/11/2017 | Книги | ||||||
| Universal Decimal Classification | Колекція Шевчука Валерія | АБ - Абонемент НБ | АБ - Абонемент НБ | 16/06/2026 | Акт №30/11.06.2026 | 15.00 | 170058 | 82.09(477) С54 | 170058 | 16/06/2026 | 16/06/2026 | Книги | 15.00 |